LEADER 00981nam2-2200325---450 001 990006081870203316 005 20200420114244.0 035 $a000608187 035 $aUSA01000608187 035 $a(ALEPH)000608187USA01 035 $a000608187 100 $a20020102d1996----km-y0itay0103----ba 101 0 $aita 102 $aIT 105 $a||||||||001yy 200 1 $a<> monete dal sarcofago di Catervio$fGiancarlo Alteri 210 $aRoma$cIstituto poligrafico e Zecca dello Stato$d1996 215 $a206 p.$cill.$d29 cm 410 $12001$aBollettino di numismatica ,26/27$iMonografia 462 $1001000205324$12001$aBollettino d numismatica. Monografia 606 0 $aMonete 676 $a737.4945451 700 1$aALTERI,$bGiancarlo$0164690 801 0$aIT$bsalbc$gISBD 912 $a990006081870203316 951 $aXVII A. 571$bDLAS$cXVII A.$d00346263 959 $aBK 969 $aCAS 996 $aMonete dal sarcofago di Catervio$91382294 997 $aUNISA